श्री विठ्ठलाच्या संत मेळाव्यात श्रीसंत गोरा कुंभार / (Record no. 53180)

MARC details
000 -LEADER
fixed length control field 01335nam a22002537a 4500
005 - DATE AND TIME OF LATEST TRANSACTION
control field 20110624145745.0
008 - FIXED-LENGTH DATA ELEMENTS--GENERAL INFORMATION
fixed length control field 110624t xxu||||| |||| 00| 0 mar d
010 ## - LCCN (DPL NO)
LC control number MAR-21009
020 ## - INTERNATIONAL STANDARD BOOK NUMBER
Terms of availability 150.00
035 ## - SYSTEM CONTROL NUMBER
System control number MR-13667
037 ## - SOURCE OF ACQUISITION
Source of stock number/acquisition DBAD / PUB
040 ## - CATALOGING SOURCE
Original cataloging agency DPL
Language of cataloging MR
082 ## - DEWEY DECIMAL CLASSIFICATION NUMBER
Classification number 294.55
100 ## - MAIN ENTRY--PERSONAL NAME
Personal name कुंभार,धोंडीराम दौलतराव
9 (RLIN) 28780
245 ## - TITLE STATEMENT
Title श्री विठ्ठलाच्या संत मेळाव्यात श्रीसंत गोरा कुंभार /
Statement of responsibility, etc धोंडीराम दौलतराव कुंभार
246 ## - VARYING FORM OF TITLE
Title proper/short title Sri Vithalachya Sant Melavyat Srisant Gora Kumbhar
Remainder of title by Dhondiram Dulatrao Kumbhar
260 ## - PUBLICATION, DISTRIBUTION, ETC. (IMPRINT)
Place of publication, distribution, etc कोल्हापूर
Name of publisher, distributor, etc मुक्ताई प्रकाशन
Date of publication, distribution, etc 2009
270 ## - ADDRESS
Address ' मुक्ताई ' प्लॉ.नं.24,इंगेवले कॉलनी,म. फुलेवाडी,ए वॉर्ड
City कोल्हापूर
300 ## - PHYSICAL DESCRIPTION
Extent 127पृ.
Other physical details 22सेमी(अजिल्द)
650 ## - SUBJECT ADDED ENTRY--TOPICAL TERM
9 (RLIN) 28781
650 ## - SUBJECT ADDED ENTRY--TOPICAL TERM
9 (RLIN) 28782
942 ## - ADDED ENTRY ELEMENTS (KOHA)
Source of classification or shelving scheme Dewey Decimal Classification
Item type Marathi Books
Classification part 294.55
Call number suffix कुंभार
Holdings
Withdrawn status Lost status Source of classification or shelving scheme Damaged status Not for loan Collection code Home library Current library Date acquired Source of acquisition Cost, normal purchase price Total Checkouts Full call number Barcode Date last seen Copy number Cost, replacement price Koha item type
    Dewey Decimal Classification   Not For Loan Non-fiction D.B.Act.Division D.B.Act.Division 24/06/2011 DBAD / PUB 150.00   294.55 कुंभार MR-13667 24/06/2011 1 150.00 Marathi Books

© Delhi Public Library
Hit Counter
free hit counter